Kung fu yoga (Record no. 168077)

MARC details
000 -LEADER
fixed length control field 00752ngm a2200169 i 4500
001 - CONTROL NUMBER
control field C2-0343753
003 - CONTROL NUMBER IDENTIFIER
control field PPAK
005 - DATE AND TIME OF LATEST TRANSACTION
control field 20180727222825.0
008 - FIXED-LENGTH DATA ELEMENTS--GENERAL INFORMATION
fixed length control field 171122s2017 cc |||| ||||| | vlzxx d
040 ## - CATALOGING SOURCE
Original cataloging agency PPAK
Language of cataloging eng
Transcribing agency PPAK
Description conventions rda
245 10 - TITLE STATEMENT
Title Kung fu yoga
264 #1 - PRODUCTION, PUBLICATION, DISTRIBUTION, MANUFACTURE, AND COPYRIGHT NOTICE
Place of production, publication, distribution, manufacture China, India; Kuala Lumpur :
Name of producer, publisher, distributor, manufacturer Taihe Entertainment, Shinework Pictures; Golden Satellite Distribution Sdn. Bhd. (Malaysia Distributor) ,
Date of production, publication, distribution, manufacture, or copyright notice 2017
500 ## - GENERAL NOTE
General note Summary : Jack (Jackie Chan), a world-renowned archaeology professor, and his team are on a grand quest to locate a lost ancient Indian treasure when they are ambushed by a team of mercenaries and left for dead. Using his vast knowledge of
700 ## - ADDED ENTRY--PERSONAL NAME
Relator term author
Personal name Chi-Leung Kwong,
Relator term editor
942 ## - ADDED ENTRY ELEMENTS (KOHA)
Source of classification or shelving scheme Dewey Decimal Classification
Koha item type Digital Video Disc
Holdings
Withdrawn status Lost status Source of classification or shelving scheme Damaged status Not for loan Current library Shelving location Date acquired Source of acquisition Total Checkouts Full call number Barcode Date last seen Date last checked out Cost, replacement price Koha item type
    Dewey Decimal Classification     Perpustakaan Alor Setar Pinjaman Dewasa 29/11/2017 GI 1 79.4372 TON A01547616 31/12/2019 23/12/2019 24.90 Digital Video Disc